| 000 | 00529ntaaa2200193 4500 | ||
|---|---|---|---|
| 003 | 01 | ||
| 005 | 20251027201809.0 | ||
| 008 | 0714s1973 ag 01 | ||
| 040 |
_aAR-BaBN _bspa _cAR-BaBN _eaacr _dRIC |
||
| 082 | _a242.2000 B23b | ||
| 100 | _aBarclay, William | ||
| 245 | _aA book of everyday prayers | ||
| 250 | _a1 ed. | ||
| 260 |
_aNew York : _bEvanston, Harper Row, _c1959 |
||
| 300 | _a128 p | ||
| 500 | _aTítulo del libro en Gran Bretaña: The plain man's book of prayers | ||
| 650 |
_adevocionales _94029 |
||
| 942 | _cBK | ||
| 999 |
_c12634 _d12634 |
||